|
|
|
|
| LEADER |
00000nas a2200000 a 4500 |
| 001 |
ssj0000933968 |
| 003 |
WaSeSS |
| 005 |
20200512172242.0 |
| 006 |
m d |
| 007 |
cr n |
| 008 |
060701c20049999ii fr p s 0 0eng |
| 010 |
|
|
|a 2006347675
|
| 025 |
|
|
|a I-D-E-2006-347675; 63-13
|
| 035 |
|
|
|a (WaSeSS)ssj0000933968
|
| 037 |
|
|
|b SP Guide Publications Pvt. Ltd., A-133, Arjun Nagar, Kotla, Opp. Defence Colony A-289, New Delhi-110003
|
| 040 |
|
|
|a DLC
|b eng
|c DLC
|d OCLCQ
|d DLC
|d OCLCQ
|d DLC
|d OCLCF
|d WaSeSS
|
| 042 |
|
|
|a pcc
|
| 043 |
|
|
|a a------
|
| 050 |
0 |
0 |
|a UA842
|b .S67
|
| 245 |
0 |
0 |
|a SP's land forces
|h [electronic resource].
|
| 246 |
3 |
0 |
|a Land forces
|
| 260 |
|
|
|a New Delhi :
|b SP Guide Publications,
|c 2004-
|
| 310 |
|
|
|a Bimonthly
|
| 362 |
1 |
|
|a Began in 2004.
|
| 500 |
|
|
|a "The only journal in Asia dedicated to land forces."
|
| 506 |
|
|
|a License restrictions may limit access.
|
| 588 |
|
|
|a Description based on: Issue 6, vol. 2, no. 6 (2005); title from cover.
|
| 588 |
|
|
|a Latest issue consulted: Issue 6, vol. 5, no. 6 (2008).
|
| 610 |
1 |
0 |
|a India.
|b Army
|v Periodicals.
|
| 610 |
1 |
7 |
|a India.
|b Army.
|2 fast
|0 (OCoLC)fst00545035
|
| 655 |
|
0 |
|a Electronic journals.
|
| 850 |
|
|
|a DLC
|
| 856 |
4 |
0 |
|z Full text available from Research Library: 01/01/2009 to present
|u https://search.proquest.com/publication/55084
|